COMPREHENSIVE HB. OF PSYCHOLOGICAL ASSESSMENT (Record no. 16215)

MARC details
000 -LEADER
fixed length control field 00339nam a22001457a 4500
003 - CONTROL NUMBER IDENTIFIER
control field SGT
020 ## - INTERNATIONAL STANDARD BOOK NUMBER
International Standard Book Number 0471-41611-8
082 ## - DEWEY DECIMAL CLASSIFICATION NUMBER
Classification number 150.287
Item number C04H
100 ## - MAIN ENTRY--PERSONAL NAME
Personal name HERSEN, MICHEL
245 ## - TITLE STATEMENT
Title COMPREHENSIVE HB. OF PSYCHOLOGICAL ASSESSMENT
260 ## - PUBLICATION, DISTRIBUTION, ETC. (IMPRINT)
Place of publication, distribution, etc NEW JERSEY
Name of publisher, distributor, etc WILEY
Year of Publication 2004
300 ## - PAGE DESCRIPTION
No. of Pages 413
650 ## - SUBJECT ADDED ENTRY--TOPICAL TERM
Topical term or geographic name as entry element PSYCHOLOGY
942 ## - ADDED ENTRY ELEMENTS (KOHA)
Source of classification or shelving scheme Dewey Decimal Classification
Koha item type Books
Holdings
Withdrawn status Lost status Source of classification or shelving scheme Damaged status Not for loan Collection code Home library Current library Shelving location Date acquired Vendor Name Cost, normal purchase price Volume Information (Serial or Books or Non-Book Material) SGTU Bill Number Total Checkouts Full call number Accession No. (Barcode) Date last seen Bill Date Koha item type
    Dewey Decimal Classification   Not For Loan MEDICAL SGT Medical Library SGT Medical Library Reference Book 04/12/2018 ABC 77000.00 1 SGTU 10099   150.287 C04H FM11010 04/12/2018 04/09/2018 Books
    Dewey Decimal Classification   Not For Loan MEDICAL SGT Medical Library SGT Medical Library Reference Book 04/12/2018 ABC   2 SGTU 10099   150.287 C04H FM11011 04/12/2018 04/09/2018 Books
    Dewey Decimal Classification   Not For Loan MEDICAL SGT Medical Library SGT Medical Library Reference Book 04/12/2018 ABC   3 SGTU 10099   150.287 C04H FM11012 04/12/2018 04/09/2018 Books
    Dewey Decimal Classification   Not For Loan MEDICAL SGT Medical Library SGT Medical Library Reference Book 04/12/2018 ABC   4 SGTU 10099   150.287 C04H FM11013 04/12/2018 04/09/2018 Books